Normal view
MARC view
- Environmental auditing.
Entry Topical Term
001 - CONTROL NUMBER
- control field: 26647
003 - CONTROL NUMBER IDENTIFIER
- control field: NUST
005 - DATE AND TIME OF LATEST TRANSACTION
- control field: 20191210101304.0
008 - FIXED-LENGTH DATA ELEMENTS
- fixed length control field: 191210|| aca||aabn | a|a d
040 ## - CATALOGING SOURCE
- Original cataloging agency: NUST
- Transcribing agency: NUST
150 ## - HEADING--TOPICAL TERM
- Topical term or geographic name entry element: Environmental auditing.
670 ## - SOURCE DATA FOUND
- Source citation: Work cat.: (NUST)0: Schaltegger, S. (Stefan), 1964- 26645, Contemporary environmental accounting :, 2000.
